| 000 | 00467nam a22001697a 4500 | ||
|---|---|---|---|
| 003 | OSt | ||
| 005 | 20251113070143.0 | ||
| 008 | 251113b |||||||| |||| 00| 0 eng d | ||
| 010 | _a2009012041 | ||
| 020 | _a9780737744583 | ||
| 040 | _cGREENHAVEN PRESS | ||
| 050 |
_aHV 4505 .P678 2009 _b .P678 2009 |
||
| 245 |
_aPOVERTY AND HOMELESSNESS/ _cMERINO, NOEL |
||
| 250 | _a1ST EDITION | ||
| 260 |
_aUNITED STATES OF AMERICA: _bGREENHAVEN PRESS, _c2009 |
||
| 942 |
_2lcc _cBK _n0 |
||
| 999 |
_c9785 _d9785 |
||